Welcome to the Holygrace Academy Library

Please use search bar below to get started

MANASARIYUM YANTHRAM (Record no. 1597)

MARC details
000 -LEADER
fixed length control field 00293nam a22001337a 4500
020 ## - INTERNATIONAL STANDARD BOOK NUMBER
ISBN 81-264-0083-8
082 ## - DEWEY DECIMAL CLASSIFICATION NUMBER
Classification number 894.812.3
Item number NAR/M
100 ## - MAIN ENTRY--AUTHOR NAME
Personal name NARENDRANATH P
245 ## - TITLE STATEMENT
Title MANASARIYUM YANTHRAM
250 ## - EDITION STATEMENT
Edition statement 10
260 ## - PUBLICATION, DISTRIBUTION, ETC. (IMPRINT)
Place of publication KOTTAYAM
Name of publisher DC BOOKS
Year of publication 2007
650 ## - SUBJECT ADDED ENTRY--TOPICAL TERM
Topical Term STORY
Geographic subdivision KERALA
942 ## - ADDED ENTRY ELEMENTS (KOHA)
Koha item type Books
Holdings
Withdrawn status Lost status Collection code Home library Current library Shelving location Date acquired Source of acquisition Full call number Accession Number Koha item type
    Fiction Main Library Main Library SHELF-6C MALAYALAM SHORT STORIES 12/05/2009 PURCHASE 894.812.3 NAR/M 02043 Books